书目信息 |
| 题名: |
电路分析基础
|
|
| 作者: | 吴晓娟 , 王书鹤 , 王德强 编著 | |
| 分册: | ||
| 出版信息: | 北京 国防工业出版社 2009.03 |
|
| 页数: | 338页 | |
| 开本: | 23cm | |
| 丛书名: | ||
| 单 册: | ||
| 中图分类: | TM133 | |
| 科图分类: | ||
| 主题词: | 电路分析--dian lu fen xi--高等学校--教材 | |
| 电子资源: | ||
| ISBN: | 978-7-118-06181-9 | |
| 000 | 01047nam0 2200289 450 | |
| 001 | 012009931768 | |
| 005 | 20091015153259.43 | |
| 010 | @a978-7-118-06181-9@dCNY36.00 | |
| 100 | @a20091015d2009 em y0chiy0120 ea | |
| 101 | 0 | @achi |
| 102 | @aCN@b110000 | |
| 105 | @aa a 000yy | |
| 106 | @ar | |
| 200 | 1 | @a电路分析基础@Adian lu fen xi ji chu@f吴晓娟 ... [等] 编著@Fwu xiao juan...[deng]bian zhu |
| 210 | @a北京@c国防工业出版社@d2009.03 | |
| 215 | @a338页@c图@d23cm | |
| 300 | @a21世纪精品课程教材 | |
| 304 | @a题名页题 : 吴晓娟, 王书鹤, 王德强, 许宏吉编著 | |
| 320 | @a有书目 (第338页) | |
| 330 | @a本书内容涉及电路的基本概念与基本定律、线性电阻电路的分析方法、电路基本定理、动态元件和动态电路方程、一阶电路与二阶电路、正弦交流电路、交流电路的频率特性等。 | |
| 606 | 0 | @a电路分析@Adian lu fen xi@x高等学校@j教材 |
| 690 | @aTM133@v4 | |
| 701 | 0 | @a吴晓娟@Awu xiao juan@4编著 |
| 701 | 0 | @a王书鹤@Awang shu he@4编著 |
| 701 | 0 | @a王德强@Awang de qiang@4编著 |
| 801 | 0 | @aCN@bQSSK@c20091015 |
| 905 | @b762919-21@dTM133@eW892@f3 | |
| 电路分析基础/吴晓娟 ... [等] 编著.-北京:国防工业出版社,2009.03 |
| 338页:图;23cm |
| 21世纪精品课程教材 |
| ISBN 978-7-118-06181-9:CNY36.00 |
| 本书内容涉及电路的基本概念与基本定律、线性电阻电路的分析方法、电路基本定理、动态元件和动态电路方程、一阶电路与二阶电路、正弦交流电路、交流电路的频率特性等。 |
| ● |
| 相关链接 |
|
|
|
正题名:电路分析基础
索取号:TM133/W892
 
预约/预借
| 序号 | 登录号 | 条形码 | 馆藏地/架位号 | 状态 | 备注 |
| 1 | 762919 | 207629191 | 自科库301/301自科库 6排4列2层/ [索取号:TM133/W892] | 在馆 | |
| 2 | 762920 | 207629208 | 自科库301/301自科库 9排3列3层/ [索取号:TM133/W892] | 在馆 | |
| 3 | 762921 | 207629217 | 自科二线404/301自科库 6排4列2层/ [索取号:TM133/W892] | 在馆 |